000 00552cam a2200145 4500500
005 20260208002442.0
041 _afre
042 _adc
100 1 0 _aMasset, Claude
_eauthor
245 0 0 _aMichèle Agrapart-Delmas, Femmes fatales. Les criminelles approchées par un expert, Paris, Max Milo, 2009, 250 p., bibl. (« Essai-Document »)
260 _c2011.
500 _a49
786 0 _nL'Homme | 200 | 4 | 2011-11-01 | p. 227f-239f | 0439-4216
856 4 1 _uhttps://shs.cairn.info/revue-l-homme-2011-4-page-227f?lang=fr&redirect-ssocas=7080
999 _c1646434
_d1646434